DEEP KNOWLEDGE OF B2B RELATIONSHIPS WITH (Record no. 30502)
[ view plain ]
| 000 -LEADER | |
|---|---|
| fixed length control field | 00358nam a2200133Ia 4500 |
| 008 - FIXED-LENGTH DATA ELEMENTS--GENERAL INFORMATION | |
| fixed length control field | 240624s9999 xx 000 0 und d |
| 041 ## - LANGUAGE CODE | |
| Language code of text/sound track or separate title | eng |
| 082 ## - DEWEY DECIMAL CLASSIFICATION NUMBER | |
| Classification number | 658.8 WOO |
| 100 ## - MAIN ENTRY--PERSONAL NAME | |
| Personal name | WUTICH AMBER RYAN GERY W |
| 245 ## - TITLE STATEMENT | |
| Title | DEEP KNOWLEDGE OF B2B RELATIONSHIPS WITH |
| 260 ## - PUBLICATION, DISTRIBUTION, ETC. | |
| Date of publication, distribution, etc. | 2013 |
| Place of publication, distribution, etc. | United Kingdom |
| Name of publisher, distributor, etc. | Emerald |
| 300 ## - PHYSICAL DESCRIPTION | |
| Extent | xiv, 375 p.; 23 cm. |
| 365 ## - TRADE PRICE | |
| Currency code | BPS |
| Price amount | 38 |
| Withdrawn status | Lost status | Damaged status | Not for loan | Home library | Current library | Shelving location | Date acquired | Cost, normal purchase price | Full call number | Barcode | Date last seen | Copy number | Price effective from | Koha item type |
|---|---|---|---|---|---|---|---|---|---|---|---|---|---|---|
| IMTN | IMTN | Rack 36-A | 04/17/2018 | 97.99 | 658.8 WOO | 30502 | 06/24/2024 | 94.8 | 06/24/2024 | Books |